Missing Word: Scandal! Quiz Stats

 Plays Quiz Updated Oct 28, 2020

Support Sporcle.
Go Orange.
Score 0/20 Timer 03:00
2 Plays Today
Scandal Missing Word % Correct
_____ LewinskyMonica
93.2%
_____ (office complex)Watergate
90.5%
Iran-_____Contra
77.6%
Fast and _____Furious
63.8%
_____ DomeTeapot
60.6%
_____ and Loan ScandalSavings
57.6%
The Petticoat _____Affair
44.1%
_____ PapersPentagon
30.2%
Ma, Ma, Where's My _____Pa
27%
Sally _____Hemings
26.8%
Scandal Missing Word % Correct
_____ Development CorporationWhitewater
19.9%
_____ Abramoff ScandalJack
19.9%
The _____ AffairXYZ
19.7%
Tenure of _____ ActOffice
15.3%
_____ MobilierCrédit
13%
The _____ BargainCorrupt
11.7%
Black _____ ScandalFriday
7%
Whiskey _____ ScandalRing
5.5%
Newport _____ ScandalSex
3.2%
_____ Route ScandalStar
2.8%

Today's Daily Dose

Missing Word
90s UK #1s

Word Ladder
Full Score

Quick Pick
Prime Books

Get the Picture
Big 4 'P' All-Stars

From the Vault

Upside-Down South America

by joshas87

Geography 60s
Quizzes taste better with Chile on top.
Remove Ads.
Support Sporcle.
Get the best of Sporcle when you Go Orange. This ad-free experience offers more features, more stats, and more fun while also helping to support Sporcle. Thank you for becoming a member.

Show Comments

Extras

Top Quizzes Today


Score Distribution

Your Account Isn't Verified!

In order to create a playlist on Sporcle, you need to verify the email address you used during registration. Go to your Sporcle Settings to finish the process.

Report this User

Report this user for behavior that violates our Community Guidelines.

Details: